000 00750cam a22002293a 4500
001 27740
003 PGUSA
005 20140828083611.0
008 090107s2009||||xxu|||||s|||||000 | eng d
040 _aPGUSA
_beng
042 _adc
050 4 _aRA
100 1 _aHaslam, John,
_d1764-1844
245 1 2 _aA Letter to the Right Honorable the Lord Chancellor, on the Nature and Interpretation of Unsoundness of Mind, and Imbecility of Intellect
_h[electronic resource] /
_cJohn Haslam
260 _bProject Gutenberg,
_c2009
506 _aPublic domain in the USA.
516 _aElectronic text
653 _aMental illness -- Jurisprudence
830 0 _aProject Gutenberg
_v27740
856 4 0 _uhttp://www.gutenberg.org/ebooks/27740
942 _cEB
999 _c256995
_d256995